Central Library OPAC University of Rajshahi

Nosocomial infections (Record no. 14123)

MARC details
000 -LEADER
fixed length control field 00829cam a2200277 4500
001 - CONTROL NUMBER
control field 14123
003 - CONTROL NUMBER IDENTIFIER
rucl marc code BD-RjUL
005 - DATE AND TIME OF LATEST TRANSACTION
control field 20211208235557.0
008 - FIXED-LENGTH DATA ELEMENTS--GENERAL INFORMATION
fixed length control field 140205r19781976nyu b 000 0 eng d
035 ## - SYSTEM CONTROL NUMBER
System control number (BD-RjUL)14175
040 ## - CATALOGING SOURCE
Original cataloging agency DLC
Transcribing agency DLC
Modifying agency DLC
-- BD-RjUL
Language of cataloging eng
041 ## - LANGUAGE CODE
Language code of text/sound track or separate title eng
082 00 - DEWEY DECIMAL CLASSIFICATION NUMBER
Classification number 617.008
Author mark and year LEN 1978
100 1# - MAIN ENTRY--PERSONAL NAME
Personal name LeFrock, Jack L.
Dates associated with a name 1934-
9 (RLIN) 44116
245 00 - TITLE STATEMENT
Title Nosocomial infections
Statement of responsibility, etc. Jack L. LeFrock,
260 ## - PUBLICATION, DISTRIBUTION, ETC. (IMPRINT)
Place of publication, distribution, etc. New York :
Name of publisher, distributor, etc. Upjohn Company,
Date of publication, distribution, etc. 1976[reprinted 1978]
300 ## - PHYSICAL DESCRIPTION
Pagination 51 p. :
Size 23 cm.
350 ## - PRICE (NR) (BK AM CF MU VM SE) [OBSOLETE]
Price $3.25
504 ## - BIBLIOGRAPHY, ETC. NOTE
Bibliography, etc Bibliography: p. 48-54.
650 #0 - SUBJECT ADDED ENTRY--TOPICAL TERM
Topical term or geographic name as entry element Nosocomial infections.
9 (RLIN) 44120
Topical term or geographic name as entry element Hospital buildings
General subdivision Sanitation.
9 (RLIN) 44121
700 ## - ADDED ENTRY--PERSONAL NAME
Personal name Klainer,Albert S.
942 ## - ADDED ENTRY ELEMENTS (KOHA)
Source of classification or shelving scheme Dewey Decimal Classification
Koha item type Books
Holdings
Lost status Source of classification or shelving scheme Damaged status Not for loan Collection code Permanent Location Current Location Shelving location Date acquired Source of acquisition Total Checkouts Full call number Date last seen Copy number Koha item type
  Dewey Decimal Classification   Not For Loan Non-fiction Central Library, University of Rajshahi Central Library, University of Rajshahi Reading Room 07/04/1991 Canada   617.008 LEN 1978 05/02/2014 C-1 Books